[Event "Turnier 40 / 120"]
[Site "Wien"]
[Date "2022.02.14"]
[Round "56"]
[White "MCGP ARM CORTEX M4 - 120 MHZ"]
[Black "MCGE ARM CORTEX M7 - 300 MHZ"]
[Result "1/2-1/2"]
[BlackElo "2405"]
[WhiteElo "2291"]

1. Nf3 Nf6 2. c4 e6 3. Nc3 d5 4. e3 Be7 {Buchende} 5. Be2 {Buchende} O-O 6.
d4 {Buchbewertung MCGP: +0,12} dxc4 {MCGE wieder im Buch} 7. Bxc4 c5 8. O-O
cxd4 {Buchende} 9. Nxd4 Bd7 {Buchbewertung MCGE: +0,04 / lt. Stockfish ist
die Stellung ausgeglichen} 10. Qb3 Qc7 11. Bd3 Na6 12. Ne4 Rac8 13. Nxf6+
Bxf6 14. Bxa6 bxa6 15. Bd2 Rb8 {die Stellung ist im Lot} 16. Rfc1 Qd6 17.
Qa3 Qxa3 18. bxa3 Rfc8 19. Bb4 g6 20. h3 h6 21. Rxc8+ Rxc8 22. Rd1 Ba4 23.
Rd2 Rc1+ 24. Kh2 Be5+ 25. f4 Bc7 26. Ne2 Rc4 27. Kg1 Bb6 28. Kf2 Bc6 29. g3
f5 30. Bc3 Kf7 31. Be5 h5 32. Bc3 Bd5 33. Rb2 Ke7 34. Bd2 {Schwarz steht
etwas besser mit ca. +1,00} a5 35. Nc3 Bc6 36. Ke2 Bb7 37. h4 Ba6 38. Kf3
{der schwarze Vorteil ist angewachsen auf ca. +1,80 mit der Fortsetzung
Lc5} Kd7 39. Nb5 Ra4 40. Bc1 e5? {deutlich schwächer als Lxb5 (das bewertet
Stockfish bereits mit +2,50 für Schwarz), nach dem Textzug ist Schwarz nur
noch mit ca. +0,80 im Vorteil} 41. fxe5 Re4? {ein schwacher Zug, der den
gesamten Vorteil verspielt, Stockfish nur noch +0,20 für Schwarz mit der
Fortsetzung Sc3, deutlich besser ist Tc4} 42. Nc3 Rxe5 43. Na4 Bc7 44. Rd2+
Kc8 45. Bb2 Re7 46. Nc5 {die Stellung ist im Lot, Stockfish 0,00} Bb5 47.
Rc2 Bc6+ 48. Kf2 Bb6 49. Bd4 Be8 50. Ne4+ Kd7 51. Nf6+ Kd6 52. Rd2 Bxd4 53.
Rxd4+ Kc6 54. Nxe8 Rxe8 55. Kf3 {die Stellung ist Remis, Stockfish 0,00}
Kc5 56. Rd7 a6 57. Rc7+ Kd5 58. Rg7 Re6 59. Rc7 Re4 60. Ra7 Re6 61. Rc7 Re5
62. Ra7 Re6 63. Rc7 {Stellungswiederholung} 1/2-1/2
[/pgn]
[pgn]

[Event "Turnier 40 / 120"]
[Site "Wien"]
[Date "2022.02.14"]
[Round "57"]
[White "MCGE ARM CORTEX M7 - 300 MHZ"]
[Black "MCGP ARM CORTEX M4 - 120 MHZ"]
[Result "1-0"]
[BlackElo "2291"]
[WhiteElo "2405"]

1. d4 d5 2. Nf3 Nf6 3. e3 g6 4. Be2 Bg7 5. O-O O-O {Buchende} 6. c4 c6 7.
Nc3 Be6 {MCGP wieder im Buch} 8. Ng5 {Buchende} Bf5 {Buchende} 9. Qb3
{Buchbewertung MCGE: -0,10} b6 {Buchbewertung MCGP: +0,06 / lt. Stockfish
steht Weiss knapp besser mit ca. +0,40} 10. Nf3 e6 11. Ne5 Nfd7 12. f4 Nf6
{ein schwacher Zug, der Weiss in Vorteil bringt, Stockfish +1,70 mit der
Fortsetzung g4} 13. g4! Be4 14. g5 Nfd7 15. Nxe4 Nxe5 {besser ist dxe4,
Stockfish +2,20 für Weiss} 16. dxe5 dxe4 17. Rd1 Qe7 18. Qc2 Rd8 19. Qxe4
Rxd1+ 20. Bxd1 a6 21. Bf3 Ra7 22. Bd2 Rd7 23. Bc3 h6 24. h4 hxg5? {ein
schlechter Zug, deutlich mehr Widerstand bot h5, Stockfish +3,50 für Weiss}
25. hxg5 Qc5 26. Kf2 Rd8 27. Rh1 Qe7 28. a3 Rd7 29. Be2 Rd8 30. Qg2 Qd7 31.
Qf3 a5 32. Rd1 Qc7 33. Qe4 Rxd1 34. Bxd1 Bf8 35. Bf3 Be7 36. a4 {ein
schwacher Zug, der einen Grossteil des Vorteils verspielt, Stockfish nur
noch +0,50 für Weiss mit der Fortsetzung Kg7, nötig war Ke2 mit klarem
Vorteil für Weiss mit ca. +2,30} Bc5 37. Ke2 Qd8 38. b3 Qc7 39. Kd2 Kf8 40.
Qb1 Be7 41. Qh1 Kg7 42. Be4 Qd7+ {diese Stellung ist sehr schwierig, nach
dem Textzug ist Weiss neuerlich klar im Vorteil mit ca. +2,50 mit der
Fortsetzung Ke2, nötig war hier Lf8, das ist aber auch wirklich nicht
leicht zu erkennen.} 43. Ke2 Kg8 44. Be1? {damit ist allerdings kein
Blumentopf zu gewinnen, um 2,50 Bauerneinheiten schwächer als der Gewinnzug
f5, Stockfish nur noch +0,60 für Weiss} Bf8 45. Bd2 Bc5 46. Qg2 b5
{deutlich besser ist Lf8 mit nur geringem Vorteil für Weiss, nach dem
Textzug ist Weiss wieder mit ca. +1,70 im Vorteil.} 47. Qf1 b4 48. Qb1 Kg7
49. Qa1 Bb6 50. Qh1 Bc7 51. Bf3 Qe8 52. Be1 Qd7 53. Bf2 {MCGE schätzt sich
seit längerer Zeit konstant mit ca. +1,50 im Vorteil ein, Stockfish +1,00
es wurde allerdings schon lange kein Fortschritt mehr erzielt, irgendwie
stagniert die Partie und die Figuren werden ohne Verbesserung der Postion
im Hintergrund hin und her geschoben, irgendwie wirkt das aber etwas
planlos.} Bb6 54. Be4 Qc8? {doch nun begeht der MCGP diesen
spielentscheidenden Fehler, der die Partie sofort verliert gegen die
Fortsetzung Dh6, Stockfish +17,00 für Weiss, nötig war De8 mit ca. +1,00
für Weiss} 55. Qh6+! {diesmal nützt der MCGE die Gewinnchance: Bewertung
+2,04} Kg8 56. Bxg6 fxg6 57. Qxg6+ Kh8 58. Qf7 Qg8 59. Qf6+ Qg7 60. Qxe6
Qh7 61. g6 Qd7 62. Qf6+ Qg7 63. Qf5 {Die Bauernmacht ist nicht mehr
aufzuhalten, die Partie ist längst gelaufen} Bd8 64. e4 Nd7 65. Qh3+ Kg8
66. Qe6+ Kf8 67. Qxc6 Qe7 68. e6 Ne5 {Stockfish Matt in 11} 69. fxe5 Qg5
70. Bc5+ Kg7 71. Qd7+ Be7 72. Qxe7+ {MCGE Mattankündigung in 8} Qxe7 {MCGP
Selbstmatt in 7} 73. Bxe7 Kxg6 74. Bf6 Kh5 75. e7 Kg4 76. e8=Q Kf4 77. e6
Kg4 78. Qg6+ Kh3 79. Kf3 Kh2 80. Qg2# 1-0
[/pgn]
[pgn]

[Event "Turnier 40 / 120"]
[Site "Wien"]
[Date "2022.02.15"]
[Round "58"]
[White "MCGP ARM CORTEX M4 - 120 MHZ"]
[Black "MCGE ARM CORTEX M7 - 300 MHZ"]
[Result "0-1"]
[BlackElo "2405"]
[WhiteElo "2291"]

1. Nf3 Nf6 2. g3 d5 3. d3 h6 4. Bg2 c6 5. O-O Bf5 6. Nc3 e6 {Buchende} 7.
Nd2 {Buchende} Bb4 {Buchbewertung MCGE: +0,29} 8. Nb3 {Buchbewertung MCGP:
-0,28 / lt. Stockfish ist die Stellung etwa gleich} O-O 9. a3 Bd6 10. e4
Bg6 11. exd5 cxd5 12. Nb5 Be7 13. Bf4 Nc6 14. Nc3 {deutlich besser ist Te1,
nach dem Textzug ist Schwarz klar im Vorteil mit ca. +1,70 mit der
Fortsetzung e5} Bh5 {auch nach dieser Fortsetzung ist Schwarz klar im
Vorteil mit ca. +1,40} 15. Qe1 Bg4 {besser ist Te8, Stockfish +0,60 für
Schwarz mit der Fortsetzung h3} 16. h3 Bh5 17. Qc1 Rc8 18. Re1 Bg6 19. Bd2
Bd6 20. Be3 a6 21. Bf4 {deutlich besser ist Dd2, nach dem Textzug ist
Schwarz klar im Vorteil mit ca. +2,20 mit der Fortsetzung e5} e5 22. Bd2 d4
23. Na2 {besser ist Sd5, Stockfish +3,00 für Schwarz mit der Fortsetzung
a5} Qc7 24. Qd1 Bf5 25. Nac1 b5 26. c3 dxc3 27. bxc3 Qd7 28. g4 Be6 29. a4
b4 30. c4 Rfd8 31. Qe2 Qa7? {deutlich besser ist e4 (das bewertet Stockfish
schon mit +3,00 für Schwarz), nach dem Textzug ist Schwarz noch mit ca.
+1,00 im Vorteil} 32. Be3 Qc7 33. Rb1 Na5 {besser ist a5} 34. Bd2? {ein
schwacher Zug, der Schwarz wieder klar in Vorteil bringt, viel besser ist
Sxa5 mit nur mehr geringem Vorteil für Schwarz, nach dem Textzug ist
Schwarz wieder mit ca. 2,50 im Vorteil, mit der Fortsetzung Sxb3} Rb8?
{beide Geräte haben kein Verständnis für diese Stellung und Fehler werden
wechselseitig begangen, nach dem Textzug ist nahezu der gesamte Vorteil
dahin für Schwarz, Stockfish +0,30 für Schwarz mit der Fortsetzung Sxa5}
35. Qe3? {und schon ist Schwarz wieder klar im Vorteil mit der Fortsetzung
Sb7 mit ca. +2,00} Rdc8? {und sofort wieder jeglicher Vorteil dahin,
Stockfish 0,00 mit der Fortsetzung c5, weitere Kommentare erspare ich mir,
diese Stellung ist einfach zu kompliziert für beide Geräte} 36. Nxa5 Qxa5
37. Ra1 Qc7 38. Nb3 Bd7 39. Bf1 Kf8 40. Bc1 e4 41. d4 Be6? {dieser Zug
erfordert wieder einen Kommentar, denn er stellt die Partie auf den Kopf,
um 2,50 Bauerneinheiten schlechter als Te8, nun ist Weiss bereits im
Vorteil mit ca. +0,80 mit der Fortsetzung d5} 42. c5? {leider der falsche
Bauer, dieser Zug verliert die Partie sofort, Stockfish +3,60 für Schwarz
mit der Fortsetzung Lh2+} Bh2+ 43. Kh1 Bd5 44. Bg2 Rd8 45. Nd2 Bf4 46. Qe2
b3 {MCGE +0,10 , sieht hier kaum Vorteil, Stockfish +3,00} 47. Bb2 Qc6 48.
Nc4 Bxc4? {ein schwacher Zug, der nahezu den gesamten Vorteil verspielt,
Stockfish nur noch +0,20 für Schwarz, nötig war Tb4 mit ganz klarem Vorteil
für Schwarz mit ca. +2,50} 49. Qxc4 Bd2 50. Red1 Rb4 51. Qe2 Bf4 52. Bc3
Rxa4 53. Rxa4 Qxa4 54. Ra1 Qb5? {nach dem nächsten schwachen Zug ist
jeglicher Vorteil dahin, Stockfish 0,00 mit der Fortsetzung Dxb5, mit Dd7
wäre noch leichter Vorteil möglich gewesen für Schwarz} 55. Qxb5 axb5 56.
Bb2 b4 57. Bf1 Bd2 58. Rb1? {dieser Zug bringt Weiss wieder auf die
Verliererstrasse, Stockfish +2,40 für Schwarz mit der Fortsetzung Lc3,
nötig war Lc4 mit Ausgleich} Bc3 59. Bxc3? {immer noch war Lc4 die deutlich
bessere Wahl, nach dem Textzug ist die Partie praktisch verloren für Weiss,
Stockfish -4,00} bxc3 60. Rxb3 Nd5 61. Rb1 c2 62. Rc1 Nb4 63. c6 Ke7 64.
Bb5 Ra8 65. Kg1 Kd6 66. Kf1 Kd5 67. Ke2 Kxd4 68. Kd2 Kc5 69. Bf1 Kxc6 70.
Be2 Kc5 71. h4 Rd8+ 72. Kc3 Rd6 73. g5 hxg5 74. hxg5 Rd5 75. g6 fxg6 76.
Rxc2 Nxc2 77. Kxc2 {Rest geschenkt} 0-1
[/pgn]
[pgn]

[Event "Turnier 40 / 120"]
[Site "Wien"]
[Date "2022.02.15"]
[Round "59"]
[White "MCGE ARM CORTEX M7 - 300 MHZ"]
[Black "MCGP ARM CORTEX M4 - 120 MHZ"]
[Result "1/2-1/2"]
[BlackElo "2291"]
[WhiteElo "2405"]

1. d4 d5 2. Nf3 c6 3. Bf4 Qb6 4. b3 Bf5 {Buchende} 5. e3 {Buchende} e6
{Buchbewertung MCGP: -0,18} 6. Bd3 Bxd3 7. Qxd3 Nd7 8. Nbd2 Ne7 9. c4 Ng6
10. Bg3 Ba3 11. O-O O-O 12. Rad1 Be7 13. Rc1 Rac8 14. Rc2 Nf6 15. h3 c5 16.
Ne5 cxd4 17. Nxg6 hxg6 18. exd4 Rfd8 {besser ist Da6 um den Vorstoss c5 zu
verhindern, Stockfish +1,10 für Weiss mit der Fortsetzung c5} 19. c5 Qb4
20. Ra1 b6 21. a3 Qa5 22. b4 Qa4 23. Re1 Rd7 {deutlich besser ist Se4} 24.
Rc3 bxc5 25. bxc5 {besser ist dxc5, Weiss steht nur noch geringfügig besser
mit ca. +0,40} Rb7 26. Qc2 Qxc2 27. Rxc2 {die Stellung ist im Lot} Nd7 28.
c6? {dieser Vorstoss ist verfrüht und bringt gar nichts für Weiss, nun ist
Schwarz schon im Vorteil mit ca. +0,80 mit der Fortsetzung Tb6} Rb6 29. Bd6
{deutlich besser ist c7, nach dem Textzug ist Schwarz mit Lxd6 ganz klar im
Vorteil mit ca. +1,40.} Bg5 {MCGP erkennt aber keinen Vorteil und willigt
in ein Remis durch Stellungswiederholung ein.} 30. Bf4 Be7 31. Bd6 Bg5 32.
Bf4 Be7 33. Bd6 {Stellungswiederholung} 1/2-1/2
[/pgn]
[pgn]

[Event "Turnier 40 / 120"]
[Site "Wien"]
[Date "2022.02.16"]
[Round "60"]
[White "MCGP ARM CORTEX M4 - 120 MHZ"]
[Black "MCGE ARM CORTEX M7 - 300 MHZ"]
[Result "1/2-1/2"]
[BlackElo "2405"]
[WhiteElo "2291"]

1. e4 c5 2. Nf3 Nc6 3. Bb5 g6 4. O-O Bg7 5. c3 e5 6. d4 exd4 7. cxd4 cxd4
8. Bf4 {Buchende} a6 9. Bc4 {Buchbewertung MCGP: +0,39} d6 {Buchende} 10.
Qb3 Qe7? {Buchbewertung MCGE: -0,67 / gleich der erste berechnete Zug ist
ein Fehlgriff, Stockfish +1,60 für Weiss mit der Fortsetzung Lxd6, nötig
war Sa5 und die Stellung wäre exakt im Lot, lt. Stockfish 0,00} 11. Nbd2
{die Fortsetzung Lxd6 wird aber nicht erkannt vom MCGP, Stockfish +0,70 für
Weiss} Be5? {auch der 2. berechnete Zug ist nicht optimal, Stockfish +1,30
für Weiss mit der Fortsetzung Sxe5, nötig war Sf6} 12. Bg5 {auch nach
dieser Fortsetzung ist Weiss mit +1,00 im Vorteil} Bf6 13. Bxf6 {nach
diesem Zug ist der Vorteil für Weiss nur noch sehr gering mit ca. +0,20,
nötig war Lf4, aber das ist für einen Oldie nicht spielbar in dieser
Situation, es wäre eine Stellungswiederholung und somit 0,00, Stockfish
würde es natürlich als Fehlerkorrektur sehen.} Nxf6 14. Rfe1 O-O 15. Rac1
Be6 {die Stellung ist im Lot} 16. Qb6 Bxc4 17. Nxc4 Rae8 18. Nxd4 Nxd4 19.
Qxd4 d5 20. Na5 dxe4 21. Nxb7 Qxb7 22. Qxf6 Re6 23. Qd4 Rc8 24. b4 Rxc1 25.
Rxc1 Rc6 26. Rxc6 Qxc6 {Die Stellung ist Remis, Stockfish 0,00} 27. g3 f5
28. h4 h5 29. Kf1 Kf7 30. Kg1 Ke6 31. Kh2 Kf7 32. Kg1 Qb5 33. Qd6 Qa4 34.
Qc7+ Kg8 35. Qc4+ Kg7 36. Kg2 Kf6 37. Qc3+ Kf7 38. a3 Ke6 39. Qg7 Qe8 40.
Kf1 Kd5 41. Ke1 Qc6 42. Kd2 Qd6 43. Kc2 Kc6 44. a4 Qd3+ 45. Kb2 Qe2+ 46.
Kb3 Qd1+ 47. Kb2 Qd2+ 48. Kb3 Qd6 49. Kc2 Kd5 50. Qf7+ Ke5 51. Qg7+ Kd5 52.
Qf7+ Ke5 53. Qg7+ Kd5 {Stellungswiederholung} 1/2-1/2
[/pgn]
[pgn]

[Event "Turnier 40 / 120"]
[Site "Wien"]
[Date "2022.02.16"]
[Round "61"]
[White "MCGE ARM CORTEX M7 - 300 MHZ"]
[Black "MCGP ARM CORTEX M4 - 120 MHZ"]
[Result "1-0"]
[BlackElo "2291"]
[WhiteElo "2405"]

1. e4 c5 2. Nc3 Nc6 3. Nf3 g6 4. d4 cxd4 5. Nxd4 Bg7 6. Be3 Nf6 7. Nxc6
bxc6 8. e5 Ng8 9. Bd4 f6 10. f4 Qa5 {Buchende} 11. Qe2 {Buchende} Bb7
{Buchbewertung MCGP: -0,01} 12. O-O-O {Buchbewertung MCGE: -0,21 / lt.
Stockfish steht Weiss etwas besser mit ca. +0,50} c5 13. exf6 Nxf6 14. Be5
Bc6 {etwas besser ist 0-0} 15. Qc4 a6 16. a3 Rf8? {deutlich besser ist d5,
danach wäre die Stellung im Lot, nach dem Textzug ist Weiss im Vorteil mit
ca. +1,70 mit der Fortsetzung Le2} 17. Qe2? {die falsche Figur geht nach
e2, es sollte der Läufer sein, Stockfish nur noch +0,30 für Weiss mit der
Fortsetzung Db6} Qb6 18. Re1 Qb7 19. Qc4 Kd8? {ein ganz schwacher Zug, der
die Partie praktisch schon verliert, Stockfish +2,80 für Weiss mit der
Fortsetzung Dxc5, nötig war d5 mit geringem Vorteil für Weiss.} 20. Qxc5
d6? {nochmals deutlich schwächer als Lh6, damit ist die Partie verloren,
Stockfish +5,00 für Weiss mit der Fortsetzung Lxd6, das muss man aber auch
erst mal sehen.} 21. Qa5+? {wie gesagt, der Gewinnzug ist nicht leicht zu
sehen nach diesem ganz schwachen Textzug ist Weiss nur noch mit +1,00 im
Vorteil} Kc8? {aber es folgt gleich der nächste grobe Fehler, Stockfish
+3,30 mit der Fortsetzung Ld4, nötig war Dc7} 22. Bd4 Bh6 23. Kb1! {der
richtige Zug} Bxf4 24. Na4! {wieder richtig, Weiss auf dem richtigen Weg
zum Sieg, Stockfish +4,00 / MCGE sieht aber erst geringen Vorteil mit
+0,46} Bxa4 25. Qxa4 e5 26. Qc4+? {deutlich schwächer als Lc3, Stockfish
+2,20 für Weiss} Kd8 27. Bc3 Nd5 28. Rd1 Nxc3+ 29. Qxc3 Ke7 30. Bc4 Rab8?
{deutlich mehr Widerstand bot Tac8, nach dem Textzug ist die Partie
verloren, Stockfish +5,30 für Weiss mit der Fortsetzung Lb3} 31. Bb3 Qc8
32. Qd3 Rf6 33. Rhf1 Rb6 34. g3 Bg5 {die Partie ist längst gelaufen,
Stockfish +7,00 für Weiss} 35. Qe2 Rxf1 36. Rxf1 Rxb3 37. cxb3 a5 38. Ka2
Qc6 39. Qf2 d5 40. Qf7+ Kd6 41. Qxh7 Qe8 42. Rf7 e4 43. Qxg6+ Qe6 44. Qg8
Be7 45. Qb8+ Kc6 46. Rh7 e3 47. Rh8 d4 48. Rc8+ Kd5 49. Qb5+ Ke4 50. Re8
Kf3 51. Qb7+ Ke2 52. Rxe7 Qxe7 53. Qxe7 d3 54. Qe8 d2 55. Qh5+ Ke1 56. Qxa5
e2 57. g4 Kd1 58. g5 e1=Q 59. g6 Qg1 60. Qf5 Ke2 61. Qe4+ Kf1 62. Qb1+ Kf2
63. Qxg1+ Kxg1 64. g7 d1=Q 65. g8=Q+ {Rest geschenkt} 1-0
[/pgn]
[pgn]

[Event "Turnier 40 / 120"]
[Site "Wien"]
[Date "2022.02.17"]
[Round "62"]
[White "MCGP ARM CORTEX M4 - 120 MHZ"]
[Black "MCGE ARM CORTEX M7 - 300 MHZ"]
[Result "1/2-1/2"]
[BlackElo "2405"]
[WhiteElo "2291"]

1. e4 c5 2. c3 d5 3. exd5 Qxd5 4. Nf3 Nf6 5. Na3 Nc6 6. Be2 e6 7. O-O
{Buchende} Qd8 {Buchende} 8. Bb5 {lt. Stockfish ist die Stellung
ausgeglichen} Bd7 9. d3 Be7 10. Re1 O-O 11. Qe2 Nd5 12. Qe4 a6 13. Ba4 Nf6
14. Qf4 Nb4 15. Bc2 Nxc2 16. Nxc2 Bb5 17. d4 Bd3 18. Qd2 Bg6 19. Qe2 Rc8
20. Bg5 h6 21. Bxf6 Bxf6 22. dxc5 Rxc5 23. Rad1 Qc7 24. Ne3 Bh5 25. h3 Rc8
26. Ng4 Bxg4 27. hxg4 Rb5 28. a4 Rb6 29. g5? {ein unverständliches
Bauernopfer, das Weiss gar nichts bringt, nach Td2 steht Schwarz nur
unwesentlich besser, nach dem Textzug ist Schwarz mit ca. +1,50 im Vorteil}
hxg5 30. Rd2 Rd8 31. Rxd8+ Qxd8 32. Rd1 Rd6 33. Rxd6 Qxd6 34. Ne1 Qe5
{deutlich besser ist g4, Stockfish noch +1,00 für Schwarz} 35. Qxe5 Bxe5
36. Nd3 Bd6 37. c4 g4 38. Kf1 g5 39. c5 {nach mehreren kleineren
Ungenauigkeiten steht Schwarz nur noch ganz knapp besser mit ca. +0,20} Bc7
40. c6? {ein schwacher Zug, der Schwarz klar in Vorteil bringt, Stockfish
+3,00, nach b4 wäre die Stellung im Lot gewesen} bxc6 41. Nb4 a5? {ein ganz
schwacher Zug, der nahezu den gesamten Vorteil verspielt, Stockfish nur
noch +0,50 für Schwarz nötig war Kf8} 42. Nxc6 Kf8 43. b4 axb4 44. Nxb4 Ke8
45. Nc2 Kd7 46. Ke2 {deutlich besser ist Sd4, Stockfish +1,00 für Schwarz}
Kc6 47. Kd3 Bb6 48. Nb4+ Kc5 49. Nc2 f5 50. Ne3 Kb4 {deutlich besser ist
Kc6} 51. Nc2+ Kxa4? {die falsche Wahl nach diesem Zug ist die Partie Remis,
Vorteil war noch zu haben mit Kc5} 52. Nd4 Kb4 53. Nxe6 Bxf2 54. Nxg5 Kc5
55. Ne6+ Kd5 56. Nf4+ Ke5 57. Ng6+ Kf6 58. Nf4 {die Partie ist nicht mehr
zu gewinnen, Weiss kann jederzeit den Springer für den letzten schwarzen
Bauern hergeben, Userentscheid: Remis} 1/2-1/2
[/pgn]
[pgn]

[Event "Turnier 40 / 120"]
[Site "Wien"]
[Date "2022.02.18"]
[Round "63"]
[White "MCGE ARM CORTEX M7 - 300 MHZ"]
[Black "MCGP ARM CORTEX M4 - 120 MHZ"]
[Result "1/2-1/2"]
[BlackElo "2291"]
[WhiteElo "2405"]

1. f4 d5 2. b3 {Buchende} Qd6 {Buchende} 3. e3 {Buchbewertung MCGE: 0,00}
Bf5 {Buchbewertung MCGP: +0,07 / lt. Stockfish ist die Stellung etwa
gleich} 4. Nf3 Nc6 5. Bb2 Nf6 6. Nc3 e6 7. Nb5 Qd7 8. Ne5 Nxe5 9. Bxe5 Bd6
10. Nxd6+ cxd6 11. Bxf6 gxf6 12. c4 dxc4 13. bxc4 Rg8 14. d3 b5 15. e4 Bg6
16. cxb5 Qxb5 {Die Stellung ist im Lot, Stockfish 0,00} 17. Rb1 Qc6 18. Qc1
Qxc1+ 19. Rxc1 Kd7 20. g4 h6 21. Kd2 Rab8 22. Rc2 Rgc8 23. Be2 Rxc2+ 24.
Kxc2 f5 25. exf5 exf5 26. g5 hxg5 27. fxg5 f6 28. h4 fxg5 29. hxg5 Rg8
{immer noch alles im Lot, Stockfish 0,00} 30. d4 f4+ 31. Kc3 Rc8+ 32. Kb4
Rb8+ 33. Kc3 Be4 34. Rh4 Rf8 35. Bd1 d5 36. Bg4+ Ke7 37. Rh6 f3 38. Re6+
Kd8 39. Rd6+ Kc7 40. Rf6 Rxf6 41. gxf6 f2 42. Bh3 Kd8 43. Kd2 Ke8 44. Ke2
Kf7 45. Kxf2 Kxf6 {Userentscheid: Remis} 1/2-1/2
[/pgn]
[pgn]

[Event "Turnier 40 / 120"]
[Site "Wien"]
[Date "2022.02.19"]
[Round "64"]
[White "MCGP ARM CORTEX M4 - 120 MHZ"]
[Black "MCGE ARM CORTEX M7 - 300 MHZ"]
[Result "0-1"]
[BlackElo "2405"]
[WhiteElo "2291"]

1. c4 c6 2. Nf3 d5 3. d4 Nf6 4. Qb3 e6 5. Nc3 {Buchende} a5 {Buchende} 6.
Bf4 {Buchbewertung MCGP: +0,35} a4 {Buchbewertung MCGE: -0,12 / lt.
Stockfish steht Schwarz etwas besser mit ca. +0,50} 7. Nxa4 dxc4 8. Qc2 Nd5
9. Bxb8 b5 10. e4 Nb4 11. Qc1? {ein grober Fehler, der die Partie bereits
verliert, Stockfish +2,50 für Schwarz mit der Fortsetzung Txa4, nötig war
Dd1 mit geringem Vorteil für Schwarz} Rxb8? {eindeutig die falsche
Schlagoption, Stockfish +1,00 für Schwarz} 12. a3? {ein völlig
unverständlicher Zug also hier nicht zu sehen, dass in der Folge der Bauer
b4 mit Schach geschlagen werden kann und die Rochade im Eimer ist und noch
dazu mit Bauernverlust das ist schon sehr schwach, Stockfish +2,50 für
Schwarz mit der Fortsetzung bxa4, nötig war Sc3} bxa4 13. axb4 Bxb4+ 14.
Kd1 c5 15. Qxc4? {nochmal deutlich schwächer als Txa4, nach diesem Zug ist
die Partie praktisch schon verloren, Stockfish +3,70 für Schwarz} O-O 16.
Rxa4 Bd7 17. Ra7 cxd4 18. Ra1 Be7 19. Qxd4 Bc6 20. Ke1 Qxd4 21. Nxd4 Bxe4
22. Nb5 Bxg2 23. Bxg2 Rxb5 24. Ra7 Bd6 25. Rd7 Be5 26. Kf1 Rxb2 27. Be4 Bf4
28. Kg2 Be3 29. Rf1 h5 30. Kg1 Bb6 31. Rdd1 Rb8 32. Kg2 h4 33. Kg1 Re2 34.
Bf3 Ra2 35. Rd7 Rc8 36. Rd6 Rb2 37. Rc6 Rd8 38. Be4 Rb4 39. Kg2 Bxf2 40.
Rxf2 Rxe4 {Rest geschenkt} 0-1
[/pgn]
[pgn]